| 000 | 01059nam a2200217Ia 4500 | ||
|---|---|---|---|
| 003 | Ost | ||
| 005 | 20260507075018.0 | ||
| 008 | 260507s9999||||xx |||||||||||||| ||und|| | ||
| 020 | _a1186105977 | ||
| 040 | _cfsecg | ||
| 041 | _aara | ||
| 082 | _a310 | ||
| 100 |
_aباهي، مصطفي حسين _eمؤلف |
||
| 245 | 0 |
_aمعاملات الإرتباط والمقاييس اللامعلمية / _c مصطفي حسين باهي |
|
| 260 |
_aالإسكندرية: _bمكتبة الأنجلو, _c2001 |
||
| 300 |
_a133 صفحة؛ _bإيضاحات ؛ _c24 سم |
||
| 520 | _aمتغيرات ومستويات القياس،الإرتباط بين متغيريين كميين-الإرتباط بين متغيرين ترتيبيين-الإرتباط بين متغيريين اسميين-معامل الإرتباط الجزئي-الإنحدار-الإختبارات اللامعلمية | ||
| 653 | _aالإحصاء - المعاملات الإرتباطية | ||
| 700 |
_aعنان، محمود عبد الفتاح _eمؤلف ثانوي |
||
| 942 | _cكتاب | ||
| 999 |
_c42236 _d42236 |
||